Animal farm

Zapisane w:
Opis bibliograficzny
1. autor: G Orwell
Format: Książka
Język:Undetermined
Wydane: San Diego Modern Classsic 1990
Hasła przedmiotowe:
Etykiety: Dodaj etykietę
Nie ma etykietki, Dołącz pierwszą etykiete!
Thư viện lưu trữ: Trung tâm Học liệu Trường Đại học Cần Thơ
LEADER 00433nam a2200169Ia 4500
001 CTU_11185
008 210402s9999 xx 000 0 und d
082 |a 823.912 
082 |b O79a 
100 |a G Orwell 
245 0 |a Animal farm 
245 0 |c G Orwell 
260 |a San Diego 
260 |b Modern Classsic 
260 |c 1990 
650 |a english fiction - 20th century 
980 |a Trung tâm Học liệu Trường Đại học Cần Thơ